Pedagogía de la memoria : desafíos para la educación en derechos humanos /

Artículos presentados en el Coloquio Pedagogía de la memoria:: Desafío para la educación en Derechos Humanos, realizado en noviembre de 2009, organizado por la Cátedra UNESCO en Educación en Derechos Humanos Harald Edelstam de la Universidad Academia de Humanismo Cristiano.

Bibliographic Details
Corporate Author: Coloquio Pedagogía de la Memoria : Desafío para la Educación en Derechos Humanos
Other Authors: Hurtado, Josefina (ed.)
Format: Libro
Language:Spanish
Published: Santiago, Chile Ediciones Böll Cono Sur 2010
Subjects:
Online Access:

MARC

LEADER 00000cam a2200000 a 4500
001 008147
003 UAHC_CL
005 20170803120425.0
008 170424s2010 cl 000 spa
020 |a 9789568966010 
040 |a UAHC_CL  |c UAHC_CL  |d UAHC_CL 
082 0 4 |a 323.40983  |b P371  |2 20 
245 1 0 |a Pedagogía de la memoria :  |b desafíos para la educación en derechos humanos /  |c edición: Josefina Hurtado ... [et al.]. 
260 |b Ediciones Böll Cono Sur  |a Santiago, Chile  |c 2010 
300 |a 179 p. 
500 |a "La Fundación política verde" 
505 0 |a Pedagogía de la memoria: desafío para la educación en derechos humanos -- Pedagogía de la educación en derechos humanos y memoria colectiva -- Derechos humanos y memoria, el rol de la sociedad civil y el Estado -- Reflexiones en torno a las necesidades y desafíos en educación en derechos humanos y memoria. 
520 |a Artículos presentados en el Coloquio Pedagogía de la memoria:: Desafío para la educación en Derechos Humanos, realizado en noviembre de 2009, organizado por la Cátedra UNESCO en Educación en Derechos Humanos Harald Edelstam de la Universidad Academia de Humanismo Cristiano. 
650 4 |a DERECHOS HUMANOS  |z CHILE  |v CONGRESOS 
650 4 |a DERECHOS HUMANOS  |x ENSEÑANZA  |z CHILE  |v CONGRESOS 
653 |a PEDAGOGIA EN EDUCACION BASICA 
700 1 |a Hurtado, Josefina  |e ed. 
711 2 |a Coloquio Pedagogía de la Memoria : Desafío para la Educación en Derechos Humanos  |c Santiago, Chile  |d 2009 
900 |a 323.40983 PED 
942 |c BK 
952 |0 0  |1 0  |4 0  |6 323_409830000000000_PED  |7 0  |8 General  |9 17462  |a BC  |b BC  |c General  |d 2017-08-03  |l 2  |m 1  |o 323.40983 PED  |p 1440953  |r 2026-01-07 00:00:00  |s 2019-04-23  |t 1  |w 2017-08-03  |y BK 
999 |c 8147  |d 8147